Score 0/24 Timer 05:00
3 Plays Today
% Correct
BLACK BEAR attends in lieu of 'The Golden Bear' Jack Nicklaus
99.8%
CHICKEN dressed in protest to Blackburn owners (Indian poultry company)
98.6%
PIG heads for squealing players in dugout
98%
RABBIT dares ref to throw 'delay of game' penalty flag
97.7%
EAGLE-OWL decides to offer goalie some advice
97.3%
FOX appreciates its flag salute
97.2%
FROG tells golfer to 'grip it and ribet'
97.2%
ALLIGATOR putts players in jeopardy
97.2%
SHEEP ask cyclists 'Can't ewe go any faster up this little hill?'
96.9%
TIGER CUB demonstrates excellent paw work
95.7%
SQUIRREL with Buschy tail rallies the Cardinals
93.4%
BLACK CAT was then blamed for the remainder of Cubs' '69 collapse
90.6%
% Correct
BLACK CAT with the White Sox too
90.6%
SEAGULL snatches ball, flies over water hazard and drops it in!
88%
KANGAROO gets a jump start on race cars
86%
DRAGONFLY helps Tiger determine if it might be in the hole
85.8%
CONDOR asks directions to the penalty box
83.8%
HUMAN (BEING a bit crazy) wanders onto track
82.1%
LYNX completes its downhill run
80%
PINE MARTEN bites the hand that seized him
79.4%
MOTH avoids gargantuan foot of Daniela Hantuchova
78.1%
BABOON steals camera crew's lunch, then hops into cart
77.9%
MARABOU STORK demonstrates the importance of strong legs on a pitch
72.6%
BAT subsequently gets batted out of the air by Spurs guard Manu Ginobili
67.8%
Remove Ads.
Support Sporcle.
Get the best of Sporcle when you Go Orange. This ad-free experience offers more features, more stats, and more fun while also helping to support Sporcle. Thank you for becoming a member.

You're not logged in!

Compare scores with friends on all Sporcle quizzes.
OR
Log In

Show Comments

Extras

Top Quizzes Today


Score Distribution

Your Account Isn't Verified!

In order to create a playlist on Sporcle, you need to verify the email address you used during registration. Go to your Sporcle Settings to finish the process.

Report this User

Report this user for behavior that violates our Community Guidelines.

Details: